00656nam a2200181 i 450000100060000000300090000600500170001500700030003200800410003510000410007624501030011725000150022026000520023530000300028785200210031799900170033895201190035585035ES-MaACL20230906175153.0t|041125s1922 fr ||||1| fre d1 aJèze, Gaston (d1869-1953)915447810aCours de sciencie des finances et de législation financière française / cpar Gaston Jèze. a6éme ed. aParis : b[s.n., c1922] (eLaval : fBarneoud) aXXVIII, 507 p. ; c22 cm. aES-MaACLjB-5197 c85035d85035 00104070aATENEOMbATENEOMcSPBd2008-01-17eSCl0oB-5197p1088862r2023-02-23 00:00:00w2023-02-23yMONOGRAFIA